| 000 | 01126nas a2200265 454500 | ||
|---|---|---|---|
| 001 | 6933 | ||
| 005 | 20260407193504.0 | ||
| 008 | 260407s1971####ag###########|||spa#d | ||
| 003 | AR-UNSa-BCEJYS | ||
| 040 |
_aAR-UNSa-BCEJYS _bspa _cAR-UNSa-BCEJYS |
||
| 080 |
_a330 _xEconomía en general |
||
| 245 | 1 | 0 | _aEl trimestre económico |
| 022 | _a0041-3011 | ||
| 264 | 1 |
_aMéxico : _bFondo de Cultura Económica _c1971 |
|
| 310 | _aFrecuencia: trimestral | ||
| 505 | _aPublicada por el Fondo de Cultura Económica, es la revista de economía más antigua de América Latina. Ofrece a los lectores de habla castellana, los trabajos, documentos y notas bibliográficas tendientes a satisfacer el interés por conocer lo más importante del pensamiento económico contemporáneo. | ||
| 942 | _cSER | ||
| 590 | _aniveau_biblio:s niveau_hierar:1 | ||
| 100 | 1 | _aSoberón M., Oscar | |
| 650 | _aAmérica Latina | ||
| 650 | _aCondiciones económicas | ||
| 650 | _aInvestigación económica | ||
| 650 | _aECONOMIA | ||
| 856 | 4 | 1 |
_uhttps://biblioeco.unsa.edu.ar/pmb/images/revistas/El Trimestre Economico.jpg _yImagen de portada _qimage/jpeg |
| 999 |
_c8434 _d8434 |
||